| 000 | 00492nam a2200205Ia 4500 | ||
|---|---|---|---|
| 008 | 170918s9999 xx 000 0 und d | ||
| 020 | _a9780545419888 | ||
| 050 | _bF853 2010 | ||
| 100 | _aFreedman, Russell | ||
| 245 | 4 | _aThe war to end all wars : | |
| 245 | _bworld war I / | ||
| 245 | _cRussell Freedman. | ||
| 260 | _aNew York : | ||
| 260 | _bScholastic, | ||
| 260 | _c2010 | ||
| 300 | _a176 pages : | ||
| 300 | _bcolored illustration ; | ||
| 300 | _c22cm. | ||
| 500 | _a1220 | ||
| 999 |
_c341978 _d341978 |
||